000 00724nam a2200217 a 4500
001 1769379
003 AM-YEHGA
005 20250617165015.0
008 210518s1962 ir d||||||||||||||0|arm|d
040 _aAM-YeHGA
041 0 _aarm
100 1 _aՄինասեան, Բ.
245 1 0 _aՀայ ժողովրդի մարդաբանական եւ պատմահոլովութական գոյացումը /
_cԲ. Մինասեան.
260 _aԹեհրան :
_bտպ. «Ալիք»,
_c1962.
300 _a35, Դ էջ :
_bաղյուսակ ;
_c23 սմ.
500 _aՇարվ.՝ 16x10,5 սմ :
650 1 4 _aԾագումնաբանություն
650 1 0 _aՀայոց պատմություն
942 _2udc
_cBK
090 _c572103
999 _c533127
_d533127